000 00246nam a2200097Ia 4500
001 751373
005 20250826164643.0
008 250824s9999 xx 000 0 und d
245 0 _aAKIL ALMAZ İCATLAR
_cASENA MERİÇ
260 _bYEDİVEREN YAYINLARI
999 _c751373
_d751373